000 00442nam a2200169Ia 4500
008 140626s9999 xx 000 0 und d
100 _aPerez, Anjo.
245 _aMitsubishi Montero sport :
_b effortless climb /
_cAnjo Perez.
260 _cc2012.
300 _a13 : 10, page 16
440 _aCruising
521 _aTOU
650 _aMitsubishi montero sport.
650 _aMountain roads.
650 _aPaved highways.
942 _cSE
999 _c121150
_d121150